[Event "POR-chT 1st League 2017"]
[Site "Leiria"]
[Date "2017.07.18"]
[Round "2"]
[White "Neto, Horacio"]
[Black "Barrero Garcia, Carlos"]
[Result "0-1"]
[WhiteElo "2162"]
[BlackElo "2309"]
[Annotator "NA"]
[PlyCount "56"]
[EventDate "2017.??.??"]
[EventType "team-tourn"]
[EventCountry "POR"]
[SourceTitle "playchess.com"]
[Source "ChessBase"]
[SourceQuality "1"]
[TimeControl "5400+30"]

1. d4 {[%emt 0:00:00]} Nf6 {[%emt 0:03:41]} 2. c4 {[%emt 0:00:00]} g6 {[%emt 0:00:07]} 3. Nc3 {[%emt 0:00:00]} Bg7 {[%emt 0:00:09]} 4. e4 {[%emt 0:00:20]} d6 {[%emt 0:00:11]} 5. f3 {[%emt 0:01:38]} O-O {[%emt 0:00:13]} 6. Nge2 {[%emt 0:01:28]} c5 {[%emt 0:01:46]} 7. d5 {[%emt 0:00:14]} e6 {[%emt 0:00:21]} 8. Ng3 {[%emt 0:01:01]} exd5 {[%emt 0:00:29]} 9. cxd5 {[%emt 0:00:04]} a6 {[%emt 0:00:31]} 10. a4 {[%emt 0:00:09]} Nh5 {[%emt 0:01:30]} 11. Nxh5 {[%emt 0:09:27]} gxh5 {[%emt 0:00:11]} 12. Be3 {[%emt 0:02:07]} f5 13. Qd2 Qf6 {[%emt 0:05:43]} 14. exf5 {[%emt 0:31:18]} Bxf5 {[%emt 0:00:35]} 15. Be2 {[%emt 0:00:32]} Nd7 {[%emt 0:03:27]} 16. O-O {[%emt 0:01:52]} Rae8 17. Rae1 {[%emt 0:13:36]} Qg6 {[%emt 0:04:39]} 18. Kh1 {[%emt 0:02:37]} Ne5 19. Ne4 {[%emt 0:14:24]} Bxe4 {[%emt 0:07:13]} 20. fxe4 Qxe4 {[%emt 0:01:10]} 21. Bxh5 {[%emt 0:08:11]} Rxf1+ {[%emt 0:02:46]} 22. Rxf1 {[%emt 0:00:01]} Nc4 {[%emt 0:00:20]} 23. Qe2 {[%emt 0:06:09]} Nxe3 {[%emt 0:00:36]} 24. Bxe8 {[%emt 0:01:00]} Qxe8 {[%emt 0:00:19]} 25. Rf3 {[%emt 0:01:41]} Bd4 {[%emt 0:00:11]} 26. b3 {[%emt 0:02:24]} Qe4 {[%emt 0:01:15]} 27. Rg3+ {[%emt 0:00:51]} Kh8 {[%emt 0:00:13]} 28. Qe1 {[%emt 0:00:57]} Ng4 {[%emt 0:00:28]} 0-1

[Event "POR-chT 1st League 2017"]
[Site "Leiria"]
[Date "2017.07.18"]
[Round "3"]
[White "Iturrizaga Bonelli, Eduardo"]
[Black "Santos, Jose Alves"]
[Result "1-0"]
[WhiteElo "2664"]
[BlackElo "2196"]
[Annotator "TA"]
[PlyCount "53"]
[EventDate "2017.??.??"]
[EventType "team-tourn"]
[EventCountry "POR"]
[SourceTitle "playchess.com"]
[Source "ChessBase"]
[SourceQuality "1"]

{[%evp 16,53,21,-1,33,31,24,15,33,22,26,23,77,87,77,70,161,154,160,138,134,138,138,47,48,45,50,53,49,46,56,54,150,79,285,288,280,242,683,681]} 1. Nf3 d5 2. c4 e6 3. g3 c6 4. b3 Nf6 5. Bb2 Be7 6. Bg2 O-O 7. O-O b5 8. d3 Bb7 {A14: English Opening: 1...e6 with b3 by White} 9. Qc2 {LiveBook: 8 Games} Na6 10. a3 $146 ({Predecessor:} 10. Nbd2 Qb6 11. a3 c5 12. e4 Nd7 13. exd5 exd5 14. Rfe1 {½-½ (53) Damljanovic,B (2612)-Zvjaginsev,V (2659) Vrnjacka Banja 2005}) 10... Rc8 {White is slightly better.} 11. Rd1 Re8 12. Nbd2 Nd7 13. e4 Bf6 (13... c5 $11 {remains equal.}) 14. b4 $16 e5 15. Nb3 Nb6 {[#]} (15... d4 $14) 16. c5 $1 $18 {[%cal Rc5b6]} Na4 {[#]} 17. d4 $1 {[%cal Rd4e5]} Nxb2 18. Qxb2 {[%cal Rd4e5]} exd4 19. e5 ({White should play} 19. exd5 $16 {d6 is the strong threat.} d3 20. Nfd4) 19... Bxe5 $14 20. Nxe5 Rxe5 21. Nxd4 Qf6 $1 22. a4 $1 $36 {[%cal Ra4b5][%mdl 2048] White is more active.} bxa4 23. Rxa4 Rce8 (23... Ra8 $14) 24. Qd2 (24. Bf1 $142 Nb8 25. Rxa7) 24... Qe7 $2 (24... R5e7 $16) 25. Bf1 $18 Nb8 26. Rxa7 Rc8 $2 (26... Qd7 27. b5 Qc8) 27. f4 {Precision: White = 62%, Black = 17%.} 1-0

[Event "POR-chT 1st League 2017"]
[Site "Leiria"]
[Date "2017.07.18"]
[Round "3"]
[White "Cuenca, Jose Fdo"]
[Black "Martinez Duany, Lelys Stanley"]
[Result "1/2-1/2"]
[WhiteElo "2498"]
[BlackElo "2495"]
[Annotator "TA"]
[PlyCount "57"]
[EventDate "2017.??.??"]
[EventType "team-tourn"]
[EventCountry "POR"]
[SourceTitle "playchess.com"]
[Source "ChessBase"]
[SourceQuality "1"]

{[%evp 9,57,14,8,1,16,18,44,20,27,19,22,20,28,15,20,12,27,12,42,22,55,33,42,38,40,25,48,15,14,17,22,20,22,23,22,0,0,0,0,0,0,0,0,0,0,-4,-4,-4,0,0]} 1. Nf3 d5 2. d4 Nf6 3. c4 c6 4. e3 Bg4 5. Qb3 Qb6 6. Nh4 {D11: Slav Defence: 3 Nf3 sidelines and 3...Nf6 4 e3 Bg4} (6. Nc3 e6 7. Nh4 Bh5 8. h3 Be7 9. g4 Bg6 10. Nxg6 hxg6 11. Bg2 g5 12. O-O Nbd7 13. Rd1 Qc7 14. e4 Nxe4 15. Nxe4 dxe4 16. Bxe4 {1-0 (30) Carlsen,M (2855)-So,W (2770) Leuven 2016}) 6... dxc4 $146 (6... Bh5 {keeps more tension.} 7. h3 e6 8. g4 Qxb3 9. axb3 g5) ({Predecessor:} 6... Bh5 7. h3 e6 8. g4 Bg6 9. Nxg6 hxg6 10. Bg2 Nbd7 11. Nc3 g5 12. Qxb6 axb6 13. cxd5 exd5 {½-½ (60) Huang,Q (2394)-Shen,Y (2443) Ningbo 2011}) 7. Bxc4 Qxb3 8. Bxb3 {White is slightly better.} Bd7 9. Nc3 e6 10. Nf3 c5 11. Ne5 cxd4 12. exd4 Nc6 13. Nxd7 Kxd7 14. O-O Nb4 15. Bg5 Be7 16. a3 Nbd5 17. Bxf6 Nxf6 18. d5 {Threatens to win with dxe6+.} e5 19. Rfe1 Bd6 20. Ba4+ Kd8 21. Nb5 Ke7 22. Nd4 {[#] aiming for Nf5+.The position is equal.} (22. f4 $5 {[%cal Rb5d6]} e4 23. Nc3 $11) 22... g6 23. Nf3 Nd7 24. Bxd7 Kxd7 25. Nxe5+ Bxe5 26. Rxe5 Rhe8 27. Rae1 Rxe5 28. Rxe5 Rc8 {[#] ( -> ...Rc1+)} 29. g4 {Precision: White = 72%, Black = 74%.} 1/2-1/2

[Event "POR-chT 1st League 2017"]
[Site "Leiria"]
[Date "2017.07.18"]
[Round "3"]
[White "Petkov, Vladimir"]
[Black "Carneiro, Carlos"]
[Result "1-0"]
[WhiteElo "2489"]
[BlackElo "2175"]
[Annotator "TA"]
[PlyCount "61"]
[EventDate "2017.??.??"]
[EventType "team-tourn"]
[EventCountry "POR"]
[SourceTitle "playchess.com"]
[Source "ChessBase"]
[SourceQuality "1"]

{[%evp 20,61,54,55,74,36,78,66,62,63,63,57,57,38,99,103,105,109,112,24,95,91,220,218,256,264,266,257,254,243,270,246,234,273,253,233,332,295,562,547,537,550,553,527]} 1. d4 Nf6 2. c4 d6 3. Nc3 g6 4. e4 Bg7 5. h3 O-O 6. Nf3 e5 7. d5 a5 8. Bg5 h6 9. Be3 Na6 10. g4 Nc5 11. Nd2 {LiveBook: 174 Games} Rb8 $146 {E90: King's Indian: Classical: Early deviations and 6 h3} ({Predecessor:} 11... Ne8 12. Qc2 Bd7 13. O-O-O a4 14. Kb1 Qb8 15. a3 Qa7 16. f3 c6 17. h4 Nc7 18. g5 h5 19. Bh3 Bxh3 20. Rxh3 {1-0 (38) Shevchenko,K (2491)-Tomczak,J (2615) Minsk 2017}) 12. Qf3 Kh7 13. Qg3 c6 {White is slightly better.} 14. Be2 cxd5 15. exd5 Ne8 16. Rg1 f5 ({Black should play} 16... a4 $14) 17. gxf5 Bxf5 18. Bxc5 dxc5 19. Nde4 (19. Bd3 $16) 19... Nd6 (19... Nf6 $1 $11 20. Nxc5 Qb6) 20. Bd3 $16 Qb6 {[#]} (20... b5 $16) 21. Nxd6 $1 $18 Qxd6 22. Bxf5 Rxf5 23. Ne4 Qb6 {[#]} 24. O-O-O $1 Rf4 25. d6 g5 26. Qd3 {Intending Nf6+ and mate.} Kh8 27. Qd5 $40 {[%mdl 128] White has strong attack.} Qb4 (27... Qc6 $142) 28. Rg3 {[%cal Bg1g3,Bg3b3,Bb3b5][%mdl 32]} b5 $2 (28... a4 29. d7 Rd8) 29. Rb3 {White is clearly winning.} Qa4 30. Kb1 Rd8 31. Rxb5 {Precision: White = 68%, Black = 34%.} 1-0

[Event "POR-chT 1st League 2017"]
[Site "Leiria"]
[Date "2017.07.18"]
[Round "3"]
[White "Gonzalez Perez, Arian"]
[Black "Andrade, Jose M Vieira"]
[Result "1/2-1/2"]
[WhiteElo "2461"]
[BlackElo "2223"]
[Annotator "TA"]
[PlyCount "59"]
[EventDate "2017.??.??"]
[EventType "team-tourn"]
[EventCountry "POR"]
[SourceTitle "playchess.com"]
[Source "ChessBase"]
[SourceQuality "1"]

{[%evp 12,59,72,70,68,69,64,71,81,64,64,32,35,9,40,27,39,24,35,8,21,-21,-21,-41,-2,-25,-35,-35,20,0,-10,-56,-54,-116,-117,-127,-123,-150,-161,-171,-124,-143,-60,-71,0,-157,0,-57,0,-166]} 1. e4 e5 2. Nf3 Nc6 3. Bc4 Bc5 4. b4 Bxb4 5. c3 Be7 6. d4 d6 {[#]} 7. Qb3 $1 Kf8 {C51: Evans Gambit: Declined and Accepted without 5...Ba5} 8. Bxf7 Na5 9. Qa4 $1 {Strongly threatening Bxg8.} Kxf7 {White is better.} 10. Qxa5 exd4 11. cxd4 Nf6 (11... c6 12. Qa4 h6 13. Nc3 Nf6 14. e5 Nd5 15. Nxd5 cxd5 {1-0 (30) Istratescu,A (2619)-Degraeve,J (2551) Saint-Quentin 2015}) 12. Nc3 c6 13. Qa4 Re8 14. Qb3+ d5 15. e5 $146 ({Predecessor:} 15. Ng5+ Kg8 16. e5 Ng4 17. Nf3 Bf8 18. h3 Nh6 19. Bxh6 gxh6 {½-½ (19) Chilton,A-Hesselbarth,K (1970) Berlin 2004}) 15... Nd7 16. h4 (16. O-O $5 {[%cal Re5e6]}) 16... Nf8 17. Bg5 Qb6 18. Qc2 Kg8 19. O-O Ne6 (19... Qd8 $15) 20. Be3 Rf8 21. Qd2 Qd8 22. h5 (22. Ng5 $15) 22... Qe8 $17 23. Nh2 Qxh5 24. f4 Nc7 25. Rab1 b6 26. Rbc1 Bb4 (26... Ba3 $17 27. Rb1 Qg6) 27. Qb2 $15 Be7 ({Black should play} 27... c5 28. dxc5 bxc5) 28. Qd2 $1 $17 Bb4 (28... Ba3 $17 29. Rcd1 Qg6) 29. Qb2 $15 Be7 (29... Bxc3 $15 30. Rxc3 Qg6) 30. Qd2 $1 {Precision: White = 37%, Black = 59%.} 1/2-1/2

[Event "POR-chT 1st League 2017"]
[Site "Leiria"]
[Date "2017.07.18"]
[Round "3"]
[White "Zelbel, Patrick"]
[Black "Vasques, Antonio Pedro Freix"]
[Result "1-0"]
[WhiteElo "2452"]
[BlackElo "2307"]
[Annotator "TA"]
[PlyCount "59"]
[EventDate "2017.??.??"]
[EventType "team-tourn"]
[EventCountry "POR"]
[SourceTitle "playchess.com"]
[Source "ChessBase"]
[SourceQuality "1"]

{[%evp 12,59,58,47,42,44,54,-4,93,30,29,22,36,25,40,52,95,44,93,98,141,128,135,92,170,143,283,279,273,206,225,178,159,183,250,246,249,249,898,925,927,930,914,886,1246,1256,1883,1646,1911,1830]} 1. e4 c5 2. c3 d5 3. exd5 Qxd5 4. Nf3 g6 5. Na3 (5. d4 Bg7 6. Be2 Nf6 7. c4 Qd8 8. d5 b5 9. O-O O-O 10. a3 bxc4 11. Bxc4 Nbd7 12. Nc3 Nb6 13. Qb3 Nxc4 14. Qxc4 Qb6 15. Re1 Ba6 16. Qh4 Rfe8 17. Ne5 Bb7 {0-1 (32) Bologan,V (2640)-Morozevich,A (2683) Sochi 2016}) 5... Bg7 6. Bc4 {B22: Sicilian: 2 c3} Qd8 7. d4 {LiveBook: 4 Games} cxd4 8. Nxd4 {White is slightly better.} Nf6 9. Qa4+ $146 (9. Bf4 $14) ({Predecessor:} 9. O-O O-O 10. Bf4 a6 11. Re1 Re8 12. Nac2 Bg4 13. Qd2 Qc8 14. Bb3 Nc6 15. Nxc6 bxc6 {½-½ (22) Schaefer,M (1733)-Sabirov,R (2043) Willingen 2016}) 9... Nc6 (9... Nbd7 $11 {keeps the balance.}) 10. Bb5 (10. Nxc6 $16 bxc6 11. Qxc6+ Bd7 12. Qb7) 10... O-O $11 11. Nxc6 bxc6 12. Bxc6 Rb8 13. O-O $36 {[%mdl 2048] White has the initiative.} Ng4 14. Nb5 ({Don't capture} 14. Qxa7 $2 Qd6 $19) ({Better is} 14. h3 $16 Ne5 15. Rd1) 14... Qb6 15. Nxa7 ({Wrong is} 15. Qxa7 $2 Ne5 $19) 15... Bf5 {[#]} 16. h3 $1 {[%cal Rh3g4]} Ne5 17. b4 Nxc6 (17... Nc4 $16) 18. Nxc6 $18 {Black must now prevent Be3.} Rb7 (18... Ra8 $16 19. Nxe7+ Kh8) 19. Be3 Qc7 20. Bc5 Re8 21. Rfe1 Bd7 22. b5 ({Worse is} 22. Nxe7+ Rxe7 23. Qc2 Re5 $17) 22... Bxc3 (22... Bxc6 {was called for.} 23. bxc6 Rbb8) 23. Nxe7+ Rxe7 24. Rxe7 Bxa1 $2 {[#]} (24... Qxc5 25. Qa8+ Qc8 26. Qxc8+ Bxc8 27. Rxb7 Bxb7) 25. Qc4 {White is clearly winning.} Be6 26. Rxc7 Rxc7 27. Qb4 Be5 28. f4 Bf6 29. b6 {[%cal Bb5b6,Bb6b7][%mdl 32]} Rd7 30. b7 {Precision: White = 48%, Black = 30%.} 1-0

[Event "POR-chT 1st League 2017"]
[Site "Leiria"]
[Date "2017.07.18"]
[Round "3"]
[White "Iruzubieta Villaluenga, Jesus M"]
[Black "Brodowski, Piotr"]
[Result "1/2-1/2"]
[WhiteElo "2428"]
[BlackElo "2442"]
[Annotator "TA"]
[PlyCount "25"]
[EventDate "2017.??.??"]
[EventType "team-tourn"]
[EventCountry "POR"]
[SourceTitle "playchess.com"]
[Source "ChessBase"]
[SourceQuality "1"]

{[%evp 14,25,68,63,72,55,48,56,95,61,52,60,140,98]} 1. e4 c5 2. Nf3 g6 3. d4 Bg7 4. c4 d6 5. Be2 Bg4 6. d5 {A40: Unusual replies to 1 d4} Nd7 7. O-O a6 (7... Ngf6 8. Nc3 O-O 9. h3 Bxf3 10. Bxf3 a6 11. Be2 Qc7 12. Bf4 Rfe8 13. Qc2 e6 14. dxe6 Rxe6 15. Rfe1 Rae8 16. Bd3 Ne5 17. Rad1 Nc6 18. Qd2 {½-½ (43) Vitiugov,N (2731)-Shomoev,A (2550) Sochi 2017}) 8. a4 {LiveBook: 4 Games. White is slightly better.} Qc7 $146 ({Predecessor:} 8... Rb8 9. Ra3 Ngf6 10. Nc3 O-O 11. h3 Bxf3 12. Bxf3 Ne8 13. Be2 Nc7 14. Rb3 e6 15. f4 exd5 16. exd5 Bd4+ 17. Kh1 f5 {½-½ (17) Cvek,R (2461)-Vokac,M (2483) Havlickuv Brod 2004}) 9. Nc3 Bxc3 10. bxc3 h6 11. Ne1 Bxe2 12. Qxe2 g5 (12... e6 $14) 13. Nd3 1/2-1/2

[Event "POR-chT 1st League 2017"]
[Site "Leiria"]
[Date "2017.07.18"]
[Round "3"]
[White "Sousa, Andre Ventura"]
[Black "Camacho Collados, Marcos"]
[Result "0-1"]
[WhiteElo "2368"]
[BlackElo "2417"]
[Annotator "TA"]
[PlyCount "80"]
[EventDate "2017.??.??"]
[EventType "team-tourn"]
[EventCountry "POR"]
[SourceTitle "playchess.com"]
[Source "ChessBase"]
[SourceQuality "1"]

{[%evp 11,79,56,52,54,54,61,64,40,39,22,40,24,32,14,30,33,52,49,69,59,65,41,71,69,55,50,70,82,95,68,79,70,86,41,52,0,0,0,0,-52,-61,-63,-64,-73,-40,-104,-119,-118,-119,-411,-405,-376,-402,-379,-386,-331,-325,-570,-558,-937,-922,-907,-884,-1460,-1446,-3191,-3077,-29998,-29999,-29999]} 1. e4 e5 2. Nf3 Nc6 3. Bb5 Nge7 4. Nc3 d6 5. O-O Bd7 6. d4 Ng6 7. Nd5 {C62: Ruy Lopez: Steinitz Defence} (7. Be3 Be7 8. d5 Nb8 9. Bxd7+ Nxd7 10. g3 O-O 11. h4 f5 12. exf5 Rxf5 13. Ne4 h6 14. Nfd2 Qf8 {½-½ (71) Pichot,A (2548)-Thorfinnsson,B (2404) chess.com INT 2017}) 7... Be7 8. c3 {[%cal Bc2c3,Bc3c4,Bc4c5][%mdl 32]} O-O 9. dxe5 $146 {White is slightly better.} ({Predecessor:} 9. Be2 Nh4 10. Nxh4 Bxh4 11. f4 exf4 12. Bxf4 Ne7 13. c4 Nxd5 14. cxd5 Bg5 {0-1 (38) Ameir,M (2291)-Mona,K (2154) Cairo 2014}) 9... dxe5 10. Be3 Bd6 11. c4 Nb8 12. Nc3 a6 13. Ba4 Bxa4 14. Qxa4 c6 15. c5 Be7 16. Qb3 (16. Rfd1 $5 {[%cal Rd1d8]} Qc7 17. Ne2 $14) 16... Qc8 17. Na4 Nd7 18. Nd2 Rb8 19. Nc4 Nf4 20. Rfd1 Ne2+ 21. Kh1 {And now Ncb6 would win.} Nd4 22. Bxd4 (22. Qc3 {seems wilder.} Nb5 23. Qe1 Nf6 24. Nab6 Qe6 25. Rac1) 22... exd4 23. Nab6 (23. Qc2 $14) 23... Nxb6 $11 24. Nxb6 Qc7 $36 {[%mdl 2048] Black is pushing.} 25. Qb4 (25. Qc4 $11) 25... Rfd8 26. Nc4 Qf4 27. f3 h5 28. Qa3 {[#]} (28. Rac1 $15) 28... b6 $1 $17 {[%cal Bb7b6,Bb6b5][%mdl 544]} 29. Qxa6 (29. Nxb6 Rxb6) 29... Bxc5 30. Rd3 $2 {[%mdl 8192]} (30. Nd2 $17) 30... Ra8 $19 31. Qb7 Rxa2 32. Rad1 b5 33. Nd2 Qd6 {aiming for ...Ra7.} ({Resist} 33... Rxb2 34. Qxc6 Bb4 35. g3 $19) 34. e5 $2 (34. Nb3) 34... Qg6 35. Qc7 Rf8 36. Ne4 Ra7 (36... Rxb2 $2 37. Rg1 $17) 37. Nf6+ gxf6 38. Qxc6 {[#]} Qxd3 $1 {[%mdl 512]} 39. Rxd3 Ra1+ 40. Rd1 Rxd1# {Precision: White = 38%, Black = 71%.} 0-1

[Event "POR-chT 1st League 2017"]
[Site "Leiria"]
[Date "2017.07.18"]
[Round "3"]
[White "Espineira Gonzalez, Diego"]
[Black "Rocha, Sergio"]
[Result "1-0"]
[WhiteElo "2364"]
[BlackElo "2364"]
[Annotator "TA"]
[PlyCount "111"]
[EventDate "2017.??.??"]
[EventType "team-tourn"]
[EventCountry "POR"]
[SourceTitle "playchess.com"]
[Source "ChessBase"]
[SourceQuality "1"]

{[%evp 18,111,69,65,68,61,162,162,189,131,172,172,172,166,166,161,170,166,165,164,175,99,219,179,228,96,226,43,32,32,44,0,162,170,143,145,162,160,198,193,198,198,198,198,198,198,180,189,214,189,296,259,330,0,0,0,0,0,5,0,30,5,5,8,19,15,54,48,62,39,29,11,20,10,10,12,290,254,244,278,524,529,1029,1042,1042,971,835,829,29979,29980,29978,29979,29981,29982,29982,29983]} 1. e4 g6 2. d4 Bg7 3. c4 d6 4. Nc3 Nc6 5. Be3 e5 6. Nge2 Nh6 7. f3 f5 8. d5 Ne7 9. Qd2 Nf7 10. g3 {LiveBook: 9 Games. A42: Modern Defence: Averbakh Variation} O-O 11. Bg2 f4 $146 (11... Bd7 $14) ({Predecessor:} 11... c5 12. Rb1 b6 13. b4 Kh8 14. O-O Ng8 15. Nc1 Nf6 16. Nd3 Ba6 17. Nb5 fxe4 18. fxe4 {0-1 (40) Nyback,T (2575)-Hansen,C (2621) Germany 2007}) 12. gxf4 $18 {White is clearly better.} exf4 13. Bxf4 ({White should try} 13. Nxf4 $18 Ne5 14. b3) 13... Ne5 14. Bxe5 $1 dxe5 15. O-O-O Kh8 16. h4 Ng8 {White must now prevent ...Bh6.} 17. Kb1 Bh6 18. Qd3 Nf6 19. d6 (19. Ng3 $18) 19... c6 (19... Qxd6 $16 {might work better.} 20. Qxd6 cxd6) 20. h5 gxh5 21. f4 (21. Ng3 $18 {has better winning chances.}) 21... Qe8 (21... exf4 $16 {is a better defense.} 22. Bh3 (22. e5 Ng4 $16) 22... Bxh3 23. Rxh3 Qd7) 22. fxe5 $2 ({White must play} 22. f5 $18) 22... Qxe5 $14 23. Qd4 Qxd4 24. Rxd4 Bg4 $2 (24... Bg7 $11 {and Black is okay.}) 25. e5 $36 {[%mdl 2048] Keeping Black busy.} Bf5+ 26. Ka1 Ng4 27. Rxh5 Ne3 {Strongly threatening ...Nc2+.} 28. a3 (28. Rxh6 Nc2+ 29. Kb1 Nxd4+ 30. Kc1 Nxe2+ 31. Nxe2 Rae8 $17) 28... Bg7 29. Be4 Bxe5 30. Rd3 $1 {[%cal Rd3e3]} Bxe4 31. Rxe3 (31. Nxe4 Nxc4 32. Ka2 Bg7 $11) 31... Bxc3 32. Rxe4 ({But not} 32. bxc3 $6 Bg6 $11) 32... Bf6 33. Nf4 $1 {[%cal Rf4g6]} Rg8 (33... Rf7 $142 34. Ka2 Rd7) 34. Ka2 Rad8 35. Rf5 $2 (35. c5 $18) 35... Rxd6 $11 36. c5 Rd4 37. Re2 Bg5 38. Ne6 Rd5 39. Rxd5 cxd5 {[%mdl 4096] Endgame KRB-KRN} 40. Re5 Bf6 41. Rf5 ({Reject} 41. Rxd5 Rg2 $17) 41... Rg6 42. Nf4 ({Much weaker is} 42. Rxd5 Rg2 $17) 42... Rh6 43. Nh5 Be7 44. Rxd5 Kg8 45. b4 {[%cal Bb2b4,Bb4b5][%mdl 32]} Kf7 46. Kb3 Ke8 $2 {[%mdl 8192] [#]} (46... Rg6 $11 {and Black has nothing to worry.}) 47. Ng7+ $1 $18 Kf8 {[#]} 48. Rd7 $1 {[%cal Rd7b7]} Rc6 $2 (48... Rh3+ 49. Kc4 Re3) 49. Rxb7 a5 50. b5 Rg6 51. c6 {Nf5 is the strong threat.} Rg3+ 52. Kc4 {Threatens to win with Nf5.} Bf6 53. c7 {White mates.} Rc3+ 54. Kd5 Bxg7 55. Rb8+ Kf7 56. c8=Q {Precision: White = 64%, Black = 40%.} 1-0

[Event "POR-chT 1st League 2017"]
[Site "Leiria"]
[Date "2017.07.18"]
[Round "3"]
[White "Medarde Santiago, Luis Marcos"]
[Black "Larino Nieto, David"]
[Result "0-1"]
[WhiteElo "2354"]
[BlackElo "2495"]
[Annotator "TA"]
[PlyCount "72"]
[EventDate "2017.??.??"]
[EventType "team-tourn"]
[EventCountry "POR"]
[SourceTitle "playchess.com"]
[Source "ChessBase"]
[SourceQuality "1"]

{[%evp 9,72,28,55,53,83,64,84,64,78,78,89,82,77,84,100,45,71,61,78,64,162,79,66,20,0,24,9,15,33,-35,86,100,252,-91,-91,-93,-35,-193,-158,-165,-166,-165,-166,-472,-469,-567,-693,-693,-684,-634,-637,-642,-445,-1720,-1664,-29991,-779,-898,-864,-1073,-1055,-2269,-2273,-2306,-2270]} 1. e4 e5 2. Nf3 d6 3. d4 exd4 4. Nxd4 Nf6 5. Nc3 a6 6. g3 {C41: Philidor Defence} (6. Be2 g6 7. Bg5 Bg7 8. Qd2 b5 9. O-O-O h6 10. Bh4 O-O 11. Qd3 Bb7 12. f4 Nbd7 13. Nb3 Qc8 {½-½ (47) Lutz,C (2616)-McShane,L (2625) Gothenburg 2005}) 6... Bg4 7. f3 Bd7 8. Bg2 {White is better.} g6 $146 ({Predecessor:} 8... Nc6 9. O-O Be7 10. Bg5 O-O 11. Qd2 Re8 12. Rad1 Qc8 13. Nce2 Rb8 {1-0 (33) Baboshin,S (2173)-Krivonogov,Y (2046) Omsk 2012}) 9. Bg5 h6 10. Be3 Bg7 11. Qd2 Nc6 12. Rd1 ({White should play} 12. O-O-O $16) 12... Ne5 13. b3 Qe7 14. O-O g5 (14... O-O-O $14) 15. Rfe1 (15. f4 $18 {is more deadly.} Neg4 16. fxg5 hxg5 17. Bxg5 Rxh2 18. Bxf6 (18. Nd5 Nxd5 19. Bxe7 Nde3 $11) 18... Bxf6 19. Nd5) 15... O-O-O $16 16. Nd5 Nxd5 17. exd5 Rde8 18. c4 Qf6 19. Qc2 (19. Qa5 $14) 19... Re7 (19... Qg6 $1 $15 {stays ahead.}) 20. c5 Rhe8 $2 (20... dxc5 $16 {keeps fighting.} 21. Qxc5 b6) 21. Bf2 $2 (21. cxd6 $18 Qxd6 22. Ne6 $1 {[%mdl 512]} fxe6 23. Bc5 Qxd5 24. Rxd5 exd5 25. Bxe7 Rxe7 26. Kh1) 21... dxc5 $17 22. Rc1 {[#]} b6 ({Better is} 22... Nd3 $1 $17 {[%mdl 512]} 23. Rxe7 (23. Qxd3 Rxe1+) 23... Rxe7 24. Qxd3 cxd4) 23. d6 $2 (23. b4 $1 $15 c4 24. Rxe5 Qxe5 25. Qxc4) 23... Qxd6 24. Nf5 Bxf5 $1 25. Qxf5+ Qd7 26. Qh7 $2 (26. Bh3) 26... f5 $19 27. Rcd1 {[#]} Nxf3+ $1 {[%mdl 512]} 28. Bxf3 Rxe1+ 29. Rxe1 Rxe1+ 30. Kg2 g4 31. Ba8 (31. Bxg4 $142 fxg4 32. Bxe1) 31... Re8 32. Qg6 Qe6 (32... Re2 $142 33. Bf3 gxf3+ 34. Kxf3 Qd3+ 35. Kg2 Qe4+ 36. Kg1 Qf3 37. Qe8+ Rxe8 38. h4 Re2 39. Kh2 Rxf2+ 40. Kh3 Qh1#) 33. Qxg7 {Black is clearly winning.} Kb8 34. Kg1 Kxa8 35. Qxc7 Rc8 36. Qf4 Rd8 {Precision: White = 35%, Black = 51%.} 0-1

[Event "POR-chT 1st League 2017"]
[Site "Leiria"]
[Date "2017.07.18"]
[Round "3"]
[White "Hammes, Michael"]
[Black "Trigo Urquijo, Sergio"]
[Result "0-1"]
[WhiteElo "2349"]
[BlackElo "2389"]
[Annotator "TA"]
[PlyCount "68"]
[EventDate "2017.??.??"]
[EventType "team-tourn"]
[EventCountry "POR"]
[SourceTitle "playchess.com"]
[Source "ChessBase"]
[SourceQuality "1"]

{[%evp 29,68,81,96,50,75,48,52,15,18,15,14,-10,-2,-3,-8,-14,-7,0,-13,0,-8,-282,-283,-262,-120,-149,-122,-147,-129,-189,-130,-129,-118,-155,-137,-191,-177,-143,-107,-745,-779]} 1. d4 Nf6 2. c4 d6 3. Nc3 g6 4. e4 Bg7 5. Be2 O-O 6. Nf3 Na6 7. O-O e5 8. Be3 c6 9. d5 Ng4 10. Bg5 f6 11. Bh4 c5 12. Ne1 Nh6 {E94: King's Indian: Classical: 6 Be2 e5 7 0-0: Various Black 7th moves} 13. a3 (13. f3 Nf7 14. Rb1 h5 15. Nd3 Bh6 16. Bf2 Bd7 17. b4 b6 18. bxc5 Nxc5 19. a4 a5 20. Qc2 {1-0 (67) So,W (2822)-Shimanov,A (2642) chess.com INT 2017}) 13... g5 14. Bg3 f5 15. exf5 Nxf5 {LiveBook: 3 Games} 16. Bg4 b6 17. Ne4 h6 18. Nd3 Nc7 19. b4 Ne8 20. Rb1 {[#]} (20. Bxf5 $5 Bxf5 21. f3 $11) 20... Nf6 $146 21. Nxf6+ Qxf6 22. Re1 Qg6 23. Bh5 Qh7 24. bxc5 bxc5 {Threatening ...e4!} 25. Nb2 $2 {[%mdl 8192]} (25. f3 $1 $11 {and White has nothing to worry.}) 25... Nxg3 $19 26. hxg3 Bf5 (26... e4 $19 {is more deadly. Strongly threatening ...Bd4.} 27. g4 Bd4) 27. Rc1 $17 {[#]} e4 $1 28. Qd2 Bd4 29. Nd1 (29. g4 $17) 29... Qg7 ({Better is} 29... g4 $19 30. Qf4 Be5) 30. g4 {[#]} Bh7 $1 31. Ne3 Rab8 32. Re2 (32. Rc2 $17) 32... Rb3 $19 33. Qa5 Bb2 34. Rb1 $2 {[%mdl 8192]} (34. Rd1 $17) 34... Bc3 {Precision: White = 33%, Black = 72%.} 0-1